Osobitosti konsolidácie účtovnej závierky vo verejnej správe na príklade konkrétnych obcí dizertačná práca

Saved in:
Bibliographic Details
Main Author: Marcin Jakubíková, Hana
Corporate Author: Fakulta hospodárskej informatiky EU. Katedra účtovníctva a audítorstva
Other Authors: Kovalčíková, Antónia
Format: Book
Language:Slovak
Published: Bratislava 2018
Subjects:
Tags: Add Tag
No Tags, Be the first to tag this record!

MARC

LEADER 00000nbm a2200000 4500
001 0246533
005 20230302103602.7
041 0 |a slo 
044 |a SK 
245 1 0 |a Osobitosti konsolidácie účtovnej závierky vo verejnej správe na príklade konkrétnych obcí  |b dizertačná práca  |c Hana Marcin Jakubíková ; školiteľ: Antónia Kovalčíková 
264 1 |a Bratislava  |c 2018 
300 |a 184 s. 
610 2 0 |a závierka účtovná konsolidovaná 
610 2 0 |a jednotka účtovná 
610 2 0 |a správa verejná 
610 2 0 |a spoločnosti obchodné 
610 2 0 |a obce 
610 2 0 |a mestá 
100 1 |a Marcin Jakubíková, Hana 
700 1 |a Kovalčíková, Antónia 
710 2 |a Fakulta hospodárskej informatiky EU. Katedra účtovníctva a audítorstva